000 00795nam a2200241Ia 4500
003 OSt
005 20220926022512.0
006 a|||||r|||| 00| 0
007 ta
008 220923b |||||||| |||| 00| 0 eng d
037 _cGeneral Book
040 _aRTL
_cRTL
_beng
041 _2eng
_aeng
082 _aV1N45,933:8.N73, L5,31
110 _aUnited Nations. General Assembly, Official Records, 28th Session
_9326110
245 0 _aSupplement 31
_b Report of the conference of the co
260 _aNew York
_bUnited Nations U. S. A.
_c1975
300 _aiv, 234p.
_ccm.
650 _aHistory
700 _aUnited Nations. General Assembly, Official Records, 28th Session
_9326111
942 _hV1N45,933:8.N73, L5,31
_cGB
_2CC
999 _c639635
_d639635